| 000 | 00715nam a2200217 a 4500 | ||
|---|---|---|---|
| 005 | 20210223130608.0 | ||
| 008 | 080821s1981 mx r 000 0 spa d | ||
| 035 | _aUPN01000159384 | ||
| 049 | _aUNE | ||
| 080 | _a796 (07) (100)=20 ALL No.97. | ||
| 100 | 1 | _aAlles, Jinapala | |
| 245 | 1 | 0 |
_aChildren's playing behaviour : _bintroducing a useful source book / _cby Jinapala Alles. |
| 260 |
_aParís : _bUNESCO ; _aNew York : _bUNICEF, _c1981. |
||
| 300 | _a10 p. | ||
| 440 | 0 |
_aNotes, comments... ; _v97 |
|
| 690 | _aJuegos educativos - Psicologia educacional | ||
| 690 | _aPsicologia del niño - Juegos educativos | ||
| 710 | 2 |
_aUNICEF _924085 |
|
| 710 | 2 | _aPrograma de Alimentación Mundial | |
| 905 | _aUNESCO | ||
| 999 |
_c131498 _d131498 |
||